Historic Counties of Wales with a Map - Statistics

General Stats
  • This quiz has been taken 369 times
  • The average score is 10 of 13
Answers on the Map
Answers color-coded by a green-red scale on the quiz's map according to % correct below.
 
Answer Stats
County / Sir % Correct
{Anglesey} / Sir {Fôn}
94%
{Pembroke}shire / Sir {Benfro}
91%
{Cardigan}shire / Sir {Aberteifi}
87%
{Monmouth}shire / Sir {Fynwy}
87%
{Flint}shire / Sir y {Fflint}
86%
{Glamorgan} / {Morgannwg}
84%
{Carmarthen}shire / Sir {Gaerfyrddin}
77%
{Denbigh}shire / Sir {Ddinbych}
75%
{Montgomery}shire / Sir {Drefaldwyn}
63%
{Radnor}shire / Sir {Faesyfed}
62%
{Brecknock}shire / Sir {Frycheiniog}
53%
{Caernarfon}shire / Sir {Gaernarfon}
48%
{Merioneth}shire / Sir {Feirionnydd}
48%
No matching quizzes found
Score Distribution
Percent of People with Each Score
Percentile by Number Answered
Your Score History
You have not taken this quiz